Central Library OPAC University of Rajshahi

Algebra / (Record no. 6376)

MARC details
000 -LEADER
fixed length control field 00757cam a22002651 4500
001 - CONTROL NUMBER
control field 6376
003 - CONTROL NUMBER IDENTIFIER
rucl marc code BD-RjUL
005 - DATE AND TIME OF LATEST TRANSACTION
control field 20211208234231.0
008 - FIXED-LENGTH DATA ELEMENTS--GENERAL INFORMATION
fixed length control field 140111s1968 fr b 001 0 eng
035 ## - SYSTEM CONTROL NUMBER
System control number (BD-RjUL)6416
040 ## - CATALOGING SOURCE
Original cataloging agency DLC
Transcribing agency DLC
Modifying agency DLC
-- BD-RjUL
Language of cataloging eng
041 1# - LANGUAGE CODE
Language code of text/sound track or separate title engfre
082 00 - DEWEY DECIMAL CLASSIFICATION NUMBER
Classification number 512
Author mark and year GOA 1968
100 1# - MAIN ENTRY--PERSONAL NAME
Personal name Godement, Roger.
9 (RLIN) 20088
245 00 - TITLE STATEMENT
Title Algebra /
Statement of responsibility, etc. RogerGodement.
260 ## - PUBLICATION, DISTRIBUTION, ETC. (IMPRINT)
Place of publication, distribution, etc. Paris,
-- Boston,
-- New York [etc.] :
Name of publisher, distributor, etc. Hermann;
-- Houghton Mifflin,
Date of publication, distribution, etc. c1968.
300 ## - PHYSICAL DESCRIPTION
Pagination 638 p. ;
Size 23 cm.
350 ## - PRICE (NR) (BK AM CF MU VM SE) [OBSOLETE]
Price unpriced
500 ## - GENERAL NOTE
General note Translation of Cours d'algèbre.
504 ## - BIBLIOGRAPHY, ETC. NOTE
Bibliography, etc Includes bibliography (p. 622-625) and index.
650 #0 - SUBJECT ADDED ENTRY--TOPICAL TERM
Topical term or geographic name as entry element Algebra.
9 (RLIN) 20089
942 ## - ADDED ENTRY ELEMENTS (KOHA)
Source of classification or shelving scheme Dewey Decimal Classification
Koha item type Books
Holdings
Lost status Source of classification or shelving scheme Damaged status Not for loan Collection code Permanent Location Current Location Shelving location Date acquired Source of acquisition Cost, normal purchase price Total Checkouts Full call number Date last seen Copy number Koha item type
  Dewey Decimal Classification     Non-fiction Central Library, University of Rajshahi Central Library, University of Rajshahi   13/05/1970 Zeitlinger 126.00   512 GOA 1968 11/01/2014 C-5 Books
  Dewey Decimal Classification       Central Library, University of Rajshahi Central Library, University of Rajshahi   13/05/1970 Zeitlinger 126.00   512 GOA 1968 18/01/2014 C-4 Books
  Dewey Decimal Classification     Non-fiction Central Library, University of Rajshahi Central Library, University of Rajshahi   13/05/1970 Zeitlinger 126.00   512 GOA 1968 27/08/2016 C-3 Books
  Dewey Decimal Classification     Non-fiction Central Library, University of Rajshahi Central Library, University of Rajshahi   13/05/1970 Zeitlinger 126.00   512 GOA 1968 28/08/2016 C-6 Books